Desarrollo económico y social en Colombia siglo XX (Registro nro. 32561)

Detalles MARC
000 -ENCABEZADO
Número de control [NR] 00831nam a2200217Ia 4500
005 - FECHA Y HORA DE LA ÚLTIMA TRANSACCIÓN
control field 20211110120023.0
008 - DE LONGITUD FIJA DE DATOS DE ELEMENTOS - INFORMACIÓN GENERAL
Elementos de longitud fija [NR] 130821s2001 ck a gr spa
020 ## - NUMERO INTERNACIONAL NORMALIZADO PARA LIBROS [R]
Número Internacional Normalizado del libro [NR] 9587010248
040 ## - FUENTE DE CATALOGACION [NR]
Agencia de catalogación original [NR] Co-BoUCM
Idioma de catalogación [NR] spa
Quien Cataloga [Nuevo]
Quien Clasifica Aldemar Mondragón (modificó)
041 00 - CODIGO DE IDIOMA [R]
Código de idioma para texto/pista de sonido o título separado [R] Español
245 10 - MENCION DE TITULO [NR]
Título [NR] Desarrollo económico y social en Colombia siglo XX
Mención de responsabilidad, etc. [NR] Editor Gabriel Misas Arango
260 ## - PUBLICACION, DISTRIBUCION, ETC. (PIE DE IMPRENTA) [R]
Lugar de publicación, distribución, etc. [R] Bogotá (Colombia)
Nombre del editor, distribuidor, etc. [R] Universidad Nacional de Colombia
Fecha de publicación, distribución, etc. [R] 2001
300 ## - DESCRIPCION FISICA [R]
Extensión [R] 539 páginas
Otros detalles físicos [NR] ilustraciones
490 ## - MENCION DE SERIE [R]
Mención de serie [R] Cátedra Manuel Ancízar
650 04 - ASIENTO SECUNDARIO DE MATERIA - TERMINO TEMATICO [R]
Término temático o nombre geográfico como elemento de entrada [NR] Desarrollo económico
9 (RLIN) 438
650 04 - ASIENTO SECUNDARIO DE MATERIA - TERMINO TEMATICO [R]
Término temático o nombre geográfico como elemento de entrada [NR] Desarrollo económico
Subdivisión cronológica [R] Siglo XX
Subdivisión geográfica [R] Colombia
9 (RLIN) 12956
650 04 - ASIENTO SECUNDARIO DE MATERIA - TERMINO TEMATICO [R]
Término temático o nombre geográfico como elemento de entrada [NR] Desarrollo social
Subdivisión cronológica [R] Siglo XX
Subdivisión geográfica [R] Colombia
9 (RLIN) 12991
651 ## - ASIENTO SECUNDARIO DE MATERIA - NOMBRE GEOGRAFICO [R]
Nombre geográfico [NR] Colombia
Subdivisión general [R] Política económica
9 (RLIN) 27576
942 ## - ELEMENTOS DE ENTRADA AGREGADOS (KOHA)
Tipo de ítem principal el descrito en 300a Libro
Tema principal Economía
Edición 1
Parte restante de la signatura top. D441
Sistema de clasificación DEWEY
Clasificación 338.9
Existencias
Fecha de último préstamo Total préstamos Total Renewals Signatura topográfica Código de barras Última vez visto Ejemplar Price effective from Tipo de ítem Perdido Sistema de clasificación Dañado No prestable Tipo de ítem específico Suprimido Ubicación habitual Ubicación actual Localización Fecha de creación Forma de adquisición Costo
02/02/2011 5   338.9 D441 200011311 07/12/2016 Ej.3 03/02/2013 Libro   DEWEY     Libro   Bodega Bodega Préstamo 4 días después de solicitado 28/02/2005 Compra 41500.00
26/08/2013 1   338.9 D441 200011312 07/12/2016 Ej.2 03/02/2013 Libro   DEWEY     Libro   Bodega Bodega Préstamo 4 días después de solicitado 28/02/2005 Compra 41500.00
02/05/2014 51 5 338.9 D441 100058402 03/12/2025 Ej.1 03/02/2013 Libro   DEWEY     Libro   Claustro Claustro Mezanine 28/02/2003 Compra 50000.00